[Event "AUT-ch U08"]
[Site "Linz"]
[Date "2013.06.01"]
[Round "4"]
[White "Lauer, Lukas"]
[Black "Lauda, Alexander"]
[Result "1-0"]
[WhiteElo "800"]
[BlackElo "800"]
[PlyCount "49"]
[EventDate "2013.05.31"]
[EventType "swiss"]
[EventRounds "7"]
[EventCountry "AUT"]
[SourceTitle "EXT 2015"]
[Source "ChessBase"]
[SourceDate "2014.11.20"]
[SourceVersion "1"]
[SourceVersionDate "2014.11.20"]
[SourceQuality "1"]

1. e3 e5 2. Bc4 Nf6 3. Qf3 Nc6 4. g4 d6 5. g5 Bg4 6. Qg3 Be7 7. gxf6 Bxf6 8. Qxg4 0-0 9. Bd3 d5 10. Bf5 Ne7 11. e4 dxe4 12. Qh3 Nxf5 13. Qxf5 g6 14. Qh3 b6 15. d3 Qd5 16. Bh6 Rfe8 17. Be3 exd3 18. cxd3 Qxd3 19. Qh6 Bg7 20. Qh3 Bf8 21. Nf3 e4 22. Ng5 Bb4+ 23. Bd2 a5 24. Qxh7+ Kf8 25. Qxf7# 1-0